书目信息 |
| 题名: |
英汉翻译手册
|
|
| 作者: | 钟述孔 著 | |
| 分册: | ||
| 出版信息: | 北京 世界知识出版社 1997 |
|
| 页数: | 18,720页 | |
| 开本: | 20cm | |
| 丛书名: | ||
| 单 册: | ||
| 中图分类: | H315.9-62 | |
| 科图分类: | 41.689073 | |
| 主题词: | 英语-翻译--手册 , 翻译-英语--手册 | |
| 电子资源: | ||
| ISBN: | ||
| 000 | 00745cam0 2200265 45 | |
| 001 | 070730000911 | |
| 005 | 20071016151122.97 | |
| 010 | @dCNY38.00 | |
| 100 | @a19970414d1997 em y0chiy0121 ea | |
| 101 | 0 | @achi@aeng |
| 102 | @aCN@b110000 | |
| 105 | @af z 001yy | |
| 200 | 1 | @a英汉翻译手册@Aying han fan yi shou ce@f钟述孔著 |
| 210 | @a北京@c世界知识出版社@d1997 | |
| 215 | @a18,720页@c照片@d20cm | |
| 300 | @a并列题名:A handbook of translation | |
| 314 | @a钟述孔,北京翻译工作者 | |
| 510 | 1 | @aA handbook of translation@zeng |
| 606 | 0 | @a英语-翻译@x手册 |
| 606 | 0 | @a翻译-英语@x手册 |
| 690 | @aH315.9-62@v4 | |
| 692 | @a41.689073 | |
| 701 | 0 | @a钟述孔@Azhong shu kong@4著 |
| 801 | 0 | @aCN@c20071016 |
| 905 | @dH315.9-62@eZ7311 | |
| 英汉翻译手册/钟述孔著.-北京:世界知识出版社,1997 |
| 18,720页:照片;20cm |
| 并列题名:A handbook of translation |
| ISBN :CNY38.00 |
| ● |
| 相关链接 |
|
|
|
正题名:英汉翻译手册
索取号:H315.9-62/Z7311
 
预约/预借
| 序号 | 登录号 | 条形码 | 馆藏地/架位号 | 状态 | 备注 |
| 1 | 651574 | 206515742 | 语言库209/209语言库 40排3列4层/ [索取号:H315.9-62/Z7311] | 在馆 |